[Event "CAN-ch Amateur U2100"]
[Site "Kitchener"]
[Date "2010.08.01"]
[Round "5"]
[White "Brammall, Stuart"]
[Black "Both, Aaron"]
[Result "0-1"]
[WhiteElo "1838"]
[BlackElo "2009"]
[PlyCount "58"]
[EventDate "2010.07.30"]
[EventType "swiss"]
[EventRounds "7"]
[EventCountry "CAN"]
[SourceTitle "EXT 2022"]
[Source "ChessBase"]
[SourceDate "2021.10.06"]
[SourceVersion "1"]
[SourceVersionDate "2021.10.06"]
[SourceQuality "1"]

1. e4 c5 2. Nf3 g6 3. g3 Bg7 4. Bg2 Nc6 5. 0-0 e6 6. d3 Nge7 7. Re1 0-0 8. c3 b5 9. Bf4 d5 10. e5 d4 11. Bg5 Rb8 12. Qe2 h6 13. Bf4 Bb7 14. g4 Qd7 15. Nbd2 Nd5 16. Bg3 dxc3 17. Ne4 Nd4 18. Nxd4 cxd4 19. g5 cxb2 20. Qxb2 Nc3 21. Nf6+ Bxf6 22. gxf6 Bxg2 23. Qd2 Kh7 24. Kxg2 Qd5+ 25. Kh3 b4 26. Rg1 Qf3 27. Rae1 g5 28. Re4 Nxe4 29. dxe4 Kg6 0-1

[Event "CAN-ch Amateur U2100"]
[Site "Kitchener"]
[Date "2010.07.31"]
[Round "3"]
[White "Brammall, Stuart"]
[Black "Knechtel, Tim E"]
[Result "1-0"]
[WhiteElo "1838"]
[BlackElo "1761"]
[PlyCount "55"]
[EventDate "2010.07.30"]
[EventType "swiss"]
[EventRounds "7"]
[EventCountry "CAN"]
[SourceTitle "EXT 2022"]
[Source "ChessBase"]
[SourceDate "2021.10.06"]
[SourceVersion "1"]
[SourceVersionDate "2021.10.06"]
[SourceQuality "1"]

1. e4 d6 2. Nf3 Nf6 3. Nc3 e5 4. d4 Nbd7 5. Bc4 Be7 6. 0-0 0-0 7. Re1 c6 8. a4 b6 9. b3 a6 10. Bb2 Qc7 11. Qd2 Rb8 12. Rad1 b5 13. axb5 axb5 14. Bf1 Re8 15. h3 Bf8 16. dxe5 dxe5 17. Qe3 Bc5 18. Qg5 Qb6 19. Rd2 Bd4 20. Nxd4 exd4 21. Nxb5 Re5 22. Qg3 Nxe4 23. Rxe4 Rxe4 24. Rxd4 Re1 25. Rxd7 g6 26. Qxb8 Rxf1+ 27. Kxf1 Qxb5+ 28. Qxb5 1-0

[Event "CAN-ch Amateur U2100"]
[Site "Kitchener"]
[Date "2010.07.30"]
[Round "1"]
[White "Leu, Richard"]
[Black "Brammall, Stuart"]
[Result "1-0"]
[WhiteElo "2005"]
[BlackElo "1838"]
[PlyCount "95"]
[EventDate "2010.07.30"]
[EventType "swiss"]
[EventRounds "7"]
[EventCountry "CAN"]
[SourceTitle "EXT 2022"]
[Source "ChessBase"]
[SourceDate "2021.10.06"]
[SourceVersion "1"]
[SourceVersionDate "2021.10.06"]
[SourceQuality "1"]

1. d4 d6 2. c4 e5 3. dxe5 dxe5 4. Qxd8+ Kxd8 5. Nc3 Be6 6. e3 Nc6 7. Bd2 a6 8. Nf3 h6 9. 0-0-0 Kc8 10. Bd3 Nf6 11. h3 Be7 12. e4 Nd7 13. Nd5 Bc5 14. Rhf1 Re8 15. Rde1 Rd8 16. Kb1 Nf8 17. Bc3 Ng6 18. Rd1 Rd7 19. b4 Bd6 20. c5 Bf8 21. Bc2 f6 22. Bb3 Bxd5 23. exd5 Nd8 24. Bc2 Ne7 25. d6 cxd6 26. cxd6 Nec6 27. Bf5 Nf7 28. Bxd7+ Kxd7 29. Nh4 Nxd6 30. Ng6 Kc7 31. Nxf8 Rxf8 32. Rfe1 Rd8 33. a4 b5 34. axb5 axb5 35. Kc2 Ra8 36. Ra1 Rxa1 37. Rxa1 Kb7 38. Re1 Kc7 39. g4 g5 40. h4 Kb7 41. hxg5 hxg5 42. Kd3 Ne7 43. Rh1 Nd5 44. Rh6 Kc6 45. f3 Nf4+ 46. Kc2 Nd5 47. Kb3 Nb7 48. Bxe5 1-0

[Event "Scarborough CC Jack Frost"]
[Site "Toronto"]
[Date "2009.01.08"]
[Round "1"]
[White "Bossy, John"]
[Black "Brammall, Stuart"]
[Result "1-0"]
[WhiteElo "1925"]
[BlackElo "1686"]
[PlyCount "61"]
[EventDate "2009.01.08"]
[EventType "swiss"]
[EventRounds "7"]
[EventCountry "CAN"]
[SourceTitle "EXT 2011"]
[Source "ChessBase"]
[SourceDate "2010.11.26"]
[SourceVersion "1"]
[SourceVersionDate "2010.11.26"]
[SourceQuality "1"]

1. d4 f5 2. Nc3 d5 3. Bf4 Nf6 4. e3 e6 5. Nf3 Be7 6. Bd3 0-0 7. 0-0 Bd7 8. Ne2 Be8 9. c4 c6 10. Qb3 Qc8 11. Rac1 Bh5 12. Ne5 Bxe2 13. Bxe2 Nbd7 14. Rfd1 Rb8 15. Nxd7 Qxd7 16. Bxb8 Rxb8 17. cxd5 exd5 18. Qa4 Bd6 19. b4 Qe7 20. b5 Ne4 21. g3 g5 22. bxc6 f4 23. cxb7 Nxf2 24. Rc8+ Kg7 25. Kxf2 Qxe3+ 26. Kf1 Rxb7 27. Qe8 Re7 28. Qh8+ Kf7 29. Qg8+ Kf6 30. Rf8+ Rf7 31. Qxf7# 1-0

[Event "Scarborough CC Fall Swiss"]
[Site "Toronto"]
[Date "2008.11.06"]
[Round "2"]
[White "Brammall, Stuart"]
[Black "Armstrong, Robert J"]
[Result "0-1"]
[WhiteElo "1682"]
[BlackElo "1804"]
[PlyCount "56"]
[EventDate "2008.10.30"]
[EventType "swiss"]
[EventRounds "8"]
[EventCountry "CAN"]
[SourceTitle "EXT 2011"]
[Source "ChessBase"]
[SourceDate "2010.11.26"]
[SourceVersion "1"]
[SourceVersionDate "2010.11.26"]
[SourceQuality "1"]

1. e4 g6 2. d4 Bg7 3. Nc3 d6 4. Be3 Nf6 5. f3 0-0 6. Qd2 c6 7. 0-0-0 b5 8. a3 a5 9. e5 Nfd7 10. Bh6 b4 11. axb4 axb4 12. Nb1 c5 13. Bxg7 Kxg7 14. f4 Ra1 15. Nf3 Ba6 16. f5 Qa5 17. Qe3 c4 18. Kd2 Qa2 19. Bxc4 Qxc4 20. fxg6 hxg6 21. h4 Rc8 22. Qe4 Ra2 23. h5 Rxb2 24. Ke3 Rxb1 25. Rxb1 Qe2+ 26. Kf4 dxe5+ 27. dxe5 Rc4 28. Qxc4 Qxc4+ 0-1

[Event "Toronto Howard Ridout op U1700"]
[Site "Toronto"]
[Date "2008.10.02"]
[Round "4"]
[White "Xia, Linda"]
[Black "Brammall, Stuart"]
[Result "0-1"]
[WhiteElo "1533"]
[BlackElo "1580"]
[PlyCount "122"]
[EventDate "2008.09.11"]
[EventType "swiss"]
[EventRounds "7"]
[EventCountry "CAN"]
[SourceTitle "EXT 2011"]
[Source "ChessBase"]
[SourceDate "2010.11.26"]
[SourceVersion "1"]
[SourceVersionDate "2010.11.26"]
[SourceQuality "1"]

1. d4 f5 2. c4 d6 3. Nc3 Nf6 4. Nf3 g6 5. Bg5 Bg7 6. e3 0-0 7. Bd3 Qe8 8. 0-0 e5 9. dxe5 dxe5 10. Be2 c6 11. Qb3 h6 12. Bxf6 Bxf6 13. c5+ Kh7 14. Rad1 Nd7 15. Qa3 e4 16. Nd4 Ne5 17. Nb3 Bd8 18. Nd2 Be6 19. Qb4 Qf7 20. a4 a5 21. Qa3 Bc7 22. b3 Rad8 23. f4 Nd3 24. Rb1 Nxf4 25. Ndxe4 Nxe2+ 26. Nxe2 Qe7 27. N4c3 Bd5 28. Nxd5 Rxd5 29. b4 Re5 30. Rf3 Re8 31. Rb3 Qd7 32. Rd3 Rd5 33. Rxd5 Qxd5 34. Nd4 axb4 35. Qxb4 Re7 36. Kf2 Qa2+ 37. Ne2 Qc2 38. Qd4 Qe4 39. Qxe4 Rxe4 40. Nd4 Ba5 41. g4 Rxg4 42. Rf4 Rxf4+ 43. exf4 Bb4 44. Ne6 Kg8 45. Nd8 Bxc5+ 46. Ke2 Bb4 47. Nxb7 Bc3 48. a5 Bd4 49. Kd3 Bg1 50. h3 g5 51. Nd6 g4 52. Nxf5 gxh3 53. Ng3 Kf7 54. a6 Kf6 55. Ke2 Ba7 56. Kf1 Kg6 57. f5+ Kg5 58. Ne4+ Kxf5 59. Nd6+ Kg4 60. Ne4 Kf3 61. Nd2+ Kf4 0-1

[Event "Toronto Howard Ridout op U1700"]
[Site "Toronto"]
[Date "2008.09.25"]
[Round "3"]
[White "Brammall, Stuart"]
[Black "Gaffney, Kevin"]
[Result "1-0"]
[WhiteElo "1580"]
[BlackElo "1496"]
[PlyCount "71"]
[EventDate "2008.09.11"]
[EventType "swiss"]
[EventRounds "7"]
[EventCountry "CAN"]
[SourceTitle "EXT 2011"]
[Source "ChessBase"]
[SourceDate "2010.11.26"]
[SourceVersion "1"]
[SourceVersionDate "2010.11.26"]
[SourceQuality "1"]

1. e4 e5 2. Nf3 Nc6 3. Bc4 Nf6 4. d3 Be7 5. 0-0 0-0 6. c3 a6 7. Bb3 d5 8. Nbd2 Bg4 9. Qe2 Qd6 10. Rd1 Rad8 11. Nf1 Qd7 12. h3 Bh5 13. Ng3 Bg6 14. Bg5 dxe4 15. dxe4 Qe8 16. Nh4 Nd7 17. Nxg6 hxg6 18. Qg4 Nc5 19. Rxd8 Nxd8 20. Bc2 Nde6 21. Be3 Qc6 22. Rd1 Rd8 23. Rxd8+ Bxd8 24. h4 Be7 25. h5 Nf8 26. h6 Ncd7 27. hxg7 Nh7 28. Bb3 Nc5 29. Bd5 Qf6 30. b4 Na4 31. Bh6 c6 32. Bb3 Nxc3 33. Qd7 Nf8 34. Qe8 Qd6 35. Qxf7+ Kh7 36. gxf8Q# 1-0

[Event "Toronto Howard Ridout op U1700"]
[Site "Toronto"]
[Date "2008.09.18"]
[Round "2"]
[White "Azmitia, Gabriel"]
[Black "Brammall, Stuart"]
[Result "0-1"]
[WhiteElo "1415"]
[BlackElo "1580"]
[PlyCount "82"]
[EventDate "2008.09.11"]
[EventType "swiss"]
[EventRounds "7"]
[EventCountry "CAN"]
[SourceTitle "EXT 2011"]
[Source "ChessBase"]
[SourceDate "2010.11.26"]
[SourceVersion "1"]
[SourceVersionDate "2010.11.26"]
[SourceQuality "1"]

1. d4 f5 2. g3 Nf6 3. Bg2 g6 4. Nd2 d5 5. f3 Bg7 6. c3 0-0 7. Nh3 Nc6 8. Nf2 e5 9. dxe5 Nxe5 10. 0-0 Qe7 11. Nb3 h6 12. Be3 b6 13. f4 Nc4 14. Bxd5+ Nxd5 15. Qxd5+ Be6 16. Qf3 c5 17. Bc1 Rad8 18. e4 Qb7 19. Re1 fxe4 20. Qe2 Rfe8 21. Be3 Nxe3 22. Qxe3 a5 23. Rad1 a4 24. Nc1 Rxd1 25. Rxd1 Bd7 26. b3 b5 27. Rd2 b4 28. cxb4 Bd4 29. Rxd4 cxd4 30. Qxd4 e3 31. Nfd3 Bh3 32. Ne1 Re4 33. Qd6 Kh7 34. bxa4 Qxb4 35. Qxb4 Rxb4 36. a5 Ra4 37. Ng2 e2 38. Nxe2 Rxa2 39. Kf2 Bxg2 40. Ke3 Rxa5 41. Kd4 Kg7 0-1